书目信息 |
| 题名: |
后现代主义社会理论维度探析
|
|
| 作者: | 杜以芬 著 | |
| 分册: | ||
| 出版信息: | 北京 中国社会科学出版社 2018 |
|
| 页数: | 303页 | |
| 开本: | 24cm | |
| 丛书名: | ||
| 单 册: | ||
| 中图分类: | C91-06 | |
| 科图分类: | ||
| 主题词: | 后现代主义--hou xian dai zhu yi--社会学--研究 | |
| 电子资源: | ||
| ISBN: | 978-7-5203-2233-1 | |
| 000 | 01207nam0 2200253 450 | |
| 001 | 012001007137 | |
| 005 | 20131018154317.0 | |
| 010 | @a978-7-5203-2233-1@dCNY79.00 | |
| 099 | @aCAL 012018061583 | |
| 100 | @a20180525d2018 em y0chiy50 ea | |
| 101 | 0 | @achi |
| 102 | @aCN@b110000 | |
| 105 | @ay a 000yy | |
| 106 | @ar | |
| 200 | 1 | @a后现代主义社会理论维度探析@Ahou xian dai zhu yi she hui li lun wei du tan xi@f杜以芬著 |
| 210 | @a北京@c中国社会科学出版社@d2018 | |
| 215 | @a303页@d24cm | |
| 320 | @a有书目 (第294-303页) | |
| 330 | @a过去的50年间,关于后现代主义的争论充斥了全世界众多学科中的文化和知识领域,从流行迄今,后现代主义已经成为美学、伦理学和哲学的论述对象,但后现代主义作为一种社会科学的概念尚未引起足够的重视,后现代主义在社会科学领域的这种缺席已经日益引起人们的注意。本研究力图在以往学界研究的基础上,通过对作为一种社会理论的后现代主义和作为一种哲学思潮、文化思潮后现代主义的分析,弥补当前学界大多从哲学思潮或文化思潮的意义上去研究后现代主义的局限,着力凸显后现代主义的社会理论维度。 | |
| 606 | 0 | @a后现代主义@Ahou xian dai zhu yi@x社会学@x研究 |
| 690 | @aC91-06@v5 | |
| 701 | 0 | @a杜以芬@Adu yi fen@4著 |
| 801 | 2 | @aCN@b上海新华@c20191020 |
| 905 | @b1176091-4@dC91-06@e1569@f4 | |
| 后现代主义社会理论维度探析/杜以芬著.-北京:中国社会科学出版社,2018 |
| 303页;24cm |
| ISBN 978-7-5203-2233-1:CNY79.00 |
| 过去的50年间,关于后现代主义的争论充斥了全世界众多学科中的文化和知识领域,从流行迄今,后现代主义已经成为美学、伦理学和哲学的论述对象,但后现代主义作为一种社会科学的概念尚未引起足够的重视,后现代主义在社会科学领域的这种缺席已经日益引起人们的注意。本研究力图在以往学界研究的基础上,通过对作为一种社会理论的后现代主义和作为一种哲学思潮、文化思潮后现代主义的分析,弥补当前学界大多从哲学思潮或文化思潮的意义上去研究后现代主义的局限,着力凸显后现代主义的社会理论维度。 |
| ● |
| 相关链接 |
|
|
|
|
正题名:后现代主义社会理论维度探析
索取号:C91-06/1569
 
预约/预借
| 序号 | 登录号 | 条形码 | 馆藏地/架位号 | 状态 | 备注 |
| 1 | 1176091 | 211760913 | 第一样本阅览室/ [索取号:C91-06/1569] | 在馆 | |
| 2 | 1176092 | 211760922 | 第一借阅区/ [索取号:C91-06/1569] | 在馆 | |
| 3 | 1176093 | 211760931 | 第一借阅区/ [索取号:C91-06/1569] | 在馆 | |
| 4 | 1176094 | 211760940 | 第一借阅区/ [索取号:C91-06/1569] | 在馆 |